[Event "B"]
[Site ""]
[Date "2009.01.31"]
[Round "1.44"]
[White "Gulevich, Artem"]
[Black "Popov, Andrey"]
[Result "1-0"]
[WhiteElo "2264"]
[BlackElo "1988"]
[Annotator ""]
[Source ""]
[Remark ""]

1.c4 c6 2.Nc3 d5 3.cxd5 cxd5 4.d4 Nf6 5.Nf3 Nc6 6.Bf4 Bf5 7.e3
e6 8.Be2 Bd6 9.Bxd6 Qxd6 10.O-O O-O 11.a3 a6 12.Na4 Nd7 13.Rc1
b5 14.Nc5 Nxc5 15.dxc5 Qc7 16.Nd4 Bg6 17.Nxc6 Qxc6 18.b4 Rfd8
19.Qd4 f6 20.Rfd1 e5 21.Qb2 Rd7 22.Ra1 Rb8 23.h3 h6 24.Bg4 Rdd8
25.Bf3 Bf7 26.Qc2 Rb7 27.Be2 Be8 28.Bf3 Kh8 29.Qa2 Bf7 30.Rdc1
e4 31.Bd1 d4 32.Qd2 Rbd7 33.a4 dxe3 34.Qxe3 Rd3 35.axb5 axb5
36.Qe1 R3d5 37.Bc2 Re5 38.Rd1 Rde8 39.Rd6 Qc7 40.Qe3 Bc4 41.Rad1
Qf7 42.Rd8 f5 43.Qd4 Kh7 44.c6 Kg8 45.c7 e3 46.c8Q 1-0

[Event "B"]
[Site ""]
[Date "2009.01.31"]
[Round "1.45"]
[White "Pozdeev, Nikita"]
[Black "Kruchev, Boris"]
[Result "0-1"]
[WhiteElo "1988"]
[BlackElo "2263"]
[Annotator ""]
[Source ""]
[Remark ""]

1.e4 c5 2.Nf3 d6 3.d4 cxd4 4.Nxd4 Nf6 5.Nc3 a6 6.Bg5 e6 7.f4
h6 8.Bh4 Nbd7 9.Bd3 Qb6 10.Nde2 Qxb2 11.Rb1 Qa3 12.O-O Be7 13.Qe1
g5 14.Bg3 gxf4 15.Nxf4 b5 16.Rb3 Qc5+ 17.Bf2 Qe5 18.Bg3 Qg5 19.Bh4
Qc5+ 20.Bf2 Qc7 21.Bd4 Bb7 22.Nh5 e5 23.Nxf6+ Bxf6 24.Be3 Bg5
25.Bf2 Nc5 26.Rb1 Rc8 27.Nd1 f5 28.Qe2 Nxe4 29.h4 Bf4 30.Qh5+
Qf7 31.Qxf7+ Kxf7 32.a4 Nd2 33.Rb4 Rhg8 0-1

[Event "B"]
[Site ""]
[Date "2009.01.31"]
[Round "1.47"]
[White "Borzov, Roman"]
[Black "Shcherbin, Matvei"]
[Result "0-1"]
[WhiteElo "1986"]
[BlackElo "2262"]
[Annotator ""]
[Source ""]
[Remark ""]

1.e4 c5 2.Nf3 e6 3.d4 cxd4 4.Nxd4 Bc5 5.Nb3 Bb6 6.c4 d6 7.Nc3
a6 8.Be2 Ne7 9.Bf4 e5 10.Bg5 Be6 11.Qd2 Nbc6 12.Rd1 Nd4 13.Nxd4
Bxd4 14.O-O O-O 15.Be3 Nc6 16.Kh1 Rc8 17.b3 f5 18.exf5 Bxf5 19.Bd3
Qh4 20.Ne2 Bxd3 21.Qxd3 e4 22.Qd2 Be5 23.h3 Rce8 24.Bg5 Qh5 25.Bf4
Bxf4 26.Nxf4 Qh6 27.Nd5 Qxd2 28.Rxd2 e3 29.Re2 exf2 30.Rxe8 Rxe8
31.Rxf2 b5 32.cxb5 axb5 33.Nc7 Re1+ 34.Kh2 Nd4 35.Rd2 Re4 36.Nd5
b4 37.Rd3 Nb5 38.Kg3 Kf7 39.Kf3 Rh4 40.g3 Nd4+ 41.Kg2 Re4 42.Nxb4
Ne6 43.g4 Rxb4 0-1

[Event "B"]
[Site ""]
[Date "2009.01.31"]
[Round "1.48"]
[White "Koshevoy, Sergey"]
[Black "Udodov, Yuri"]
[Result "1-0"]
[WhiteElo "2260"]
[BlackElo "1986"]
[Annotator ""]
[Source ""]
[Remark ""]

1.d4 Nf6 2.c4 e6 3.Nc3 Bb4 4.Qc2 c5 5.dxc5 Na6 6.a3 Bxc5 7.Nf3
b6 8.Bf4 Bb7 9.Rd1 O-O 10.e3 Nc7 11.Be2 Rc8 12.O-O Be7 13.Qa4
a6 14.Qb3 Nce8 15.Rd2 Ne4 16.Nxe4 Bxe4 17.Rfd1 d6 18.Be5 Qc7
19.Bd4 Rb8 20.Qa4 Qb7 21.Bc3 Bc6 22.Qc2 b5 23.cxb5 axb5 24.Rc1
Be4 25.Bd3 Bxf3 26.Bxh7+ Kh8 27.gxf3 Qxf3 28.Be4 Qh3 29.Bg2 Qh5
30.Qd1 Qxd1+ 31.Rdxd1 d5 32.e4 dxe4 33.Bxe4 Nf6 34.Bf3 b4 35.axb4
Bxb4 36.Bd4 Rfd8 37.Rc7 Kg8 38.Bxf6 Rxd1+ 39.Bxd1 gxf6 40.Bh5
Rf8 41.Rb7 Bd6 42.b4 Kg7 43.h3 f5 44.b5 Kf6 45.Kf1 e5 46.Rb6
Ke7 47.Rb7+ Ke6 48.Bd1 e4 49.Bb3+ Kf6 50.Bd5 Bf4 51.b6 Kg6 52.Rd7
f6 53.b7 Be5 54.Be6 Kg5 55.Rd5 Rb8 56.Bc8 Kg6 57.Ke2 f4 58.Rb5
Bd6 59.Bf5+ Kf7 60.Bxe4 Re8 61.Kf3 Rh8 62.Bf5 Re8 63.Rd5 Ke7
64.Bc8 Bb8 65.Rd7+ Kf8 66.Rd4 Ke7 67.Rxf4 Rf8 68.Re4+ Kd6 69.Re6+
Kc7 70.Re7+ Kb6 71.Re6+ Kc7 72.Re7+ Kb6 73.Rh7 1-0

[Event "B"]
[Site ""]
[Date "2009.01.31"]
[Round "1.49"]
[White "Losev, Sergey"]
[Black "Muromtsev, Arthur"]
[Result "0-1"]
[WhiteElo "1985"]
[BlackElo "2259"]
[Annotator ""]
[Source ""]
[Remark ""]

1.d4 Nf6 2.c4 c5 3.d5 b5 4.cxb5 a6 5.Nc3 axb5 6.Nxb5 Ba6 7.Nc3
d6 8.g3 g6 9.Bg2 Bg7 10.Nf3 Nbd7 11.O-O Nb6 12.Re1 O-O 13.h3
Nfd7 14.e4 Nc4 15.Qc2 Qa5 16.Nd2 Na3 17.bxa3 Qxc3 18.Qxc3 Bxc3
19.Rb1 Ne5 20.Rd1 Bd3 21.Rb3 Ba5 22.f4 Bc2 23.fxe5 Bxd1 24.Rb7
Bxd2 25.Bxd2 Rxa3 26.Rxe7 dxe5 27.Bh6 Rb8 28.d6 Rd3 29.d7 Ba4
30.Rxe5 Bxd7 31.Rxc5 Rxg3 32.Kh2 Ra3 33.Rc2 Be6 34.Bf4 Rc8 35.Bd6
Rxa2 36.Rxa2 Bxa2 37.Kg3 Kg7 0-1

[Event "B"]
[Site ""]
[Date "2009.01.31"]
[Round "1.50"]
[White "Andreev, Viktor"]
[Black "Obrezchikov, Mikhail"]
[Result "1/2-1/2"]
[WhiteElo "2258"]
[BlackElo "1983"]
[Annotator ""]
[Source ""]
[Remark ""]

1.e4 e6 2.d4 d5 3.Nc3 Nf6 4.exd5 exd5 5.Nf3 Bg4 6.Be2 c6 7.h3
Bh5 8.O-O Bd6 9.Nh4 Bg6 10.Bd3 O-O 11.Nf5 Bc7 12.Bg5 Bxf5 13.Bxf5
Qd6 14.g3 h6 15.Be3 Re8 16.Qf3 Na6 17.a3 Re7 18.Bd3 Rae8 19.Rae1
Ne4 20.Bf4 Qf6 21.Bxe4 Bxf4 22.Qxf4 Qxf4 23.gxf4 dxe4 1/2-1/2

[Event "B"]
[Site ""]
[Date "2009.01.31"]
[Round "1.51"]
[White "Stoljarov, Dmitriy"]
[Black "Tarasova, Viktoriya"]
[Result "1/2-1/2"]
[WhiteElo "1983"]
[BlackElo "2257"]
[Annotator ""]
[Source ""]
[Remark ""]

1.e4 e5 2.Nf3 Nc6 3.d4 exd4 4.Nxd4 Nf6 5.Nxc6 bxc6 6.e5 Qe7 7.Qe2
Nd5 8.c4 Nb6 9.b3 a5 10.a3 Ba6 11.Nd2 O-O-O 12.Bb2 Re8 13.O-O-O
Qe6 14.f4 d5 15.Qf2 dxc4 16.f5 Qh6 17.Kb1 Rd8 18.Bxc4 Nxc4 19.Nxc4
Rxd1+ 20.Rxd1 Qh5 21.Rc1 Bxc4 22.Rxc4 Qd1+ 23.Ka2 Kb7 24.Rd4
Bc5 25.Rxd1 Bxf2 26.Rd7 Rf8 27.e6 fxe6 28.fxe6 Re8 29.Rxg7 Rxe6
30.Rxh7 Re2 31.Kb1 Re1+ 32.Kc2 Re2+ 1/2-1/2

[Event "B"]
[Site ""]
[Date "2009.01.31"]
[Round "1.52"]
[White "Kasyanov, Aysen"]
[Black "Lavrischev, Anatoliy"]
[Result "1-0"]
[WhiteElo "2257"]
[BlackElo "1981"]
[Annotator ""]
[Source ""]
[Remark ""]

1.d4 b6 2.c4 Bb7 3.Nc3 e6 4.Nf3 Nf6 5.Bg5 Be7 6.e3 O-O 7.Bd3
d5 8.O-O Nbd7 9.Rc1 c5 10.Qe2 Rc8 11.Rfd1 cxd4 12.Nxd4 Ne5 13.cxd5
Nxd3 14.Qxd3 Nxd5 15.Bxe7 Nxe7 16.Qe2 Nd5 17.Qg4 Nf6 18.Qg3 Qe7
19.Ncb5 Bd5 20.Nd6 Rxc1 21.Rxc1 Ne4 22.Nxe4 Bxe4 23.Qe5 Qb7 24.Rc7
Qd5 25.Qxd5 Bxd5 26.Rxa7 Rc8 27.f3 g6 28.e4 e5 29.exd5 exd4 30.d6
Rd8 31.d7 Kf8 32.Kf2 Ke7 33.Ke2 Kd6 34.Kd3 Kc5 35.a4 f5 36.f4
h6 37.h4 b5 38.a5 b4 39.Rb7 Kc6 40.a6 Ra8 41.Kxd4 Kd6 42.a7 Kc6
43.Rb8 Rxa7 44.d8Q 1-0

[Event "B"]
[Site ""]
[Date "2009.01.31"]
[Round "1.53"]
[White "Sidorov, Kirill"]
[Black "Bazarov, Konstantin"]
[Result "0-1"]
[WhiteElo "1981"]
[BlackElo "2256"]
[Annotator ""]
[Source ""]
[Remark ""]

1.d4 Nf6 2.Bg5 Ne4 3.Bf4 d5 4.e3 Bf5 5.f3 Nf6 6.Bd3 Bg6 7.Bxg6
hxg6 8.c4 dxc4 9.Qa4+ Nc6 10.Qxc4 e6 11.Nc3 Bb4 12.Nge2 Nd5 13.Qd3
Nxf4 14.Nxf4 Qh4+ 15.g3 Qf6 16.O-O-O Bxc3 17.Qxc3 g5 18.Nd3 Qxf3
19.Nc5 Ne7 20.Rhf1 Qc6 21.e4 b6 22.Na6 Qxc3+ 23.bxc3 Rc8 24.Rf2
c6 25.Kb2 f6 26.c4 Kf7 27.d5 cxd5 28.cxd5 Rhd8 29.d6 Ng6 30.d7
Rc4 31.Kb3 Ne5 32.Rfd2 Ke7 0-1

[Event "B"]
[Site ""]
[Date "2009.01.31"]
[Round "1.54"]
[White "Oleinikov, Dmitrij"]
[Black "Harutyunian, Tigran K"]
[Result "1-0"]
[WhiteElo "2256"]
[BlackElo "1980"]
[Annotator ""]
[Source ""]
[Remark ""]

1.d4 d5 2.Nf3 Nf6 3.e3 e6 4.Bd3 Bd6 5.Nbd2 b6 6.Ne5 Bb7 7.O-O
O-O 8.b3 Nbd7 9.Bb2 c5 10.Qf3 Qc7 11.Nxd7 Nxd7 12.Qh3 f5 13.c4
cxd4 14.exd4 Nf6 15.Rac1 Qf7 16.c5 Bf4 17.Rc2 Ne4 18.Nf3 g5 19.Qh6
Qe7 20.g3 Rf6 21.Qh5 Qf8 22.c6 Bxc6 23.Rxc6 Rh6 24.Qxh6 Qxh6
25.gxf4 gxf4 26.Kh1 Kh8 27.Bxe4 fxe4 28.Ne5 Qh5 29.Rc7 Rf8 30.Ba3
Rf5 31.Rg1 Qe8 32.Bd6 h6 33.Ng6+ Kg8 34.Ne7+ 1-0

[Event "B"]
[Site ""]
[Date "2009.01.31"]
[Round "1.55"]
[White "Minnehanov, Eldar"]
[Black "Kotov, Andrey"]
[Result "0-1"]
[WhiteElo "1979"]
[BlackElo "2254"]
[Annotator ""]
[Source ""]
[Remark ""]

1.e4 Nf6 2.Nc3 d5 3.exd5 Nxd5 4.Bc4 Nxc3 5.Qf3 e6 6.dxc3 Qf6
7.Qe2 Nc6 8.Nf3 h6 9.Be3 Bd6 10.O-O-O Bd7 11.Nd2 Bf4 12.Ne4 Qe5
13.Bxf4 Qxf4+ 14.Kb1 O-O-O 15.Nc5 Qe5 16.Nxd7 Qxe2 17.Nb6+ axb6
18.Bxe2 Rxd1+ 19.Rxd1 Rd8 20.Kc1 Rxd1+ 21.Kxd1 Kd7 22.Kd2 Kd6
23.Ke3 Ke5 24.f4+ Kd5 25.Bf3+ Kc5 26.Kd3 b5 27.b4+ Kb6 28.a3
Ne7 29.c4 c5 30.bxc5+ Kxc5 31.cxb5 Kxb5 32.Bxb7 Ka4 33.c4 Kxa3
34.c5 Kb4 35.Kd4 Nf5+ 36.Ke5 Kxc5 37.g4 Ne3 38.h3 Nc4+ 0-1

[Event "B"]
[Site ""]
[Date "2009.01.31"]
[Round "1.56"]
[White "Merezhko, Igor"]
[Black "Nikulin, Viktor"]
[Result "1-0"]
[WhiteElo "2254"]
[BlackElo "1978"]
[Annotator ""]
[Source ""]
[Remark ""]

1.c4 e5 2.Nc3 Nf6 3.g3 c6 4.d4 e4 5.Bg5 Qa5 6.Bxf6 gxf6 7.e3
d5 8.cxd5 cxd5 9.Qb3 Bb4 10.Nge2 Nc6 11.Nf4 Be6 12.Be2 O-O 13.O-O
Ne7 14.Nxe4 dxe4 15.Nxe6 fxe6 16.Qxe6+ Kh8 17.a3 Qd5 18.Qxd5
Nxd5 19.axb4 Nxb4 20.Rfc1 Kg7 21.Rc7+ Rf7 22.Rc4 Nd5 23.Rc5 Rd7
24.Bg4 Rd6 25.Bf5 b6 26.Rxd5 Rxd5 27.Bxe4 Rdd8 28.Bxa8 Rxa8 29.b4
a6 30.f3 Kf7 31.Kf2 Ke6 32.e4 Kd6 33.Ke3 Kc6 34.Kf4 Kb5 35.Rb1
Rd8 36.d5 Rd6 37.g4 a5 38.bxa5+ Kxa5 39.Ke3 b5 40.Kd4 b4 41.Kc5 1-0

[Event "B"]
[Site ""]
[Date "2009.01.31"]
[Round "1.57"]
[White "Fedechkin, Vladimir"]
[Black "Petrov, Artur"]
[Result "0-1"]
[WhiteElo "1976"]
[BlackElo "2253"]
[Annotator ""]
[Source ""]
[Remark ""]

1.e4 Nf6 2.e5 Nd5 3.d4 d6 4.exd6 cxd6 5.g3 g6 6.Bg2 Nf6 7.Nf3
Bg7 8.O-O O-O 9.Re1 Nc6 10.d5 Nb4 11.c4 Ng4 12.a3 Na6 13.Nbd2
Nc5 14.h3 Nxf2 15.Kxf2 Qb6 16.Kf1 Bf5 17.Ra2 Nd3 18.Re2 e6 19.Ne1
Nxe1 20.Qxe1 exd5 21.cxd5 Bd3 22.b4 Rac8 23.Nb3 Bc4 24.Na5 Bxa2
25.Rxa2 Rfe8 26.Qd1 Qd4 27.Qd2 Rxc1+ 28.Qxc1 Qd3+ 29.Kg1 Qxg3
30.Kf1 Bc3 31.Ra1 Bd4 32.Ra2 Qd3+ 0-1

[Event "B"]
[Site ""]
[Date "2009.01.31"]
[Round "1.61"]
[White "Subbotsky, Mikhail"]
[Black "Eliseev, Urii"]
[Result "0-1"]
[WhiteElo "1974"]
[BlackElo "2249"]
[Annotator ""]
[Source ""]
[Remark ""]

1.d4 f5 2.c4 e6 3.Nf3 Nf6 4.g3 d5 5.Bg2 c6 6.O-O Bd6 7.Qc2 O-O
8.Nc3 Ne4 9.a3 Nd7 10.b4 Ndf6 11.c5 Bc7 12.Bf4 Bxf4 13.gxf4 Bd7
14.Ne5 Be8 15.a4 Kh8 16.f3 Nxc3 17.Qxc3 a6 18.e4 Nh5 19.Qe3 Qh4
20.exd5 Nxf4 21.Nd3 Nxd5 22.Qf2 Qxf2+ 23.Kxf2 f4 24.Bh3 Ne3 25.Rfc1
Rd8 26.Nxf4 Rxf4 27.Kxe3 Rfxd4 28.Bxe6 Rd3+ 29.Kf2 Bh5 30.Bg4
Bxg4 31.fxg4 Rd2+ 32.Kg3 R8d3+ 33.Kf4 Rd4+ 34.Kf5 Rxb4 35.Re1
Kg8 36.Re8+ Kf7 37.Rae1 Rd5+ 38.R8e5 g6+ 39.Kg5 Rxe5+ 40.Rxe5
Rxa4 41.h4 h6+ 42.Kxh6 Rxg4 43.Re1 Rxh4+ 44.Kg5 Rh5+ 0-1

[Event "B"]
[Site ""]
[Date "2009.01.31"]
[Round "1.63"]
[White "Tekuchev, Robert"]
[Black "Pletnev, Evgeniy"]
[Result "0-1"]
[WhiteElo "1971"]
[BlackElo "2246"]
[Annotator ""]
[Source ""]
[Remark ""]

1.Nf3 d6 2.d4 f5 3.g3 Nf6 4.Bg2 g6 5.O-O Bg7 6.Nc3 O-O 7.Bf4
h6 8.h4 c6 9.Qd2 Ng4 10.Rae1 e5 11.dxe5 dxe5 12.Qxd8 Rxd8 13.Bc1
e4 14.Nh2 Nxh2 15.Kxh2 Be6 16.Rd1 Na6 17.a3 Bc4 18.Rfe1 Nc7 19.f3
Nd5 20.Nb1 Ba2 21.fxe4 fxe4 22.c4 Bxb1 23.cxd5 cxd5 24.Bxh6 Bc2
25.Rd2 Bb3 26.Bxg7 Kxg7 27.Rd4 a5 28.e3 Rac8 29.Re2 Rf8 30.Rdd2
Rc1 31.g4 Bc4 32.Rc2 Ra1 33.Red2 b5 34.Kg3 Re1 35.Rc3 b4 36.Rcc2
Rxe3+ 37.Kh2 bxa3 38.bxa3 Rf4 39.Bh3 Rxa3 40.Rf2 Rxf2+ 41.Rxf2
Ra2 0-1

[Event "B"]
[Site ""]
[Date "2009.01.31"]
[Round "1.64"]
[White "Ryzhov, Vladimir"]
[Black "Dragunov, Vladimir"]
[Result "1-0"]
[WhiteElo "2246"]
[BlackElo "1969"]
[Annotator ""]
[Source ""]
[Remark ""]

1.e4 d6 2.d4 e5 3.dxe5 dxe5 4.Qxd8+ Kxd8 5.Nc3 c6 6.f4 Bd6 7.f5
f6 8.g4 h6 9.Bd2 Kc7 10.h4 Nd7 11.Nge2 Nb6 12.Ng3 Bd7 13.Nh5
Rh7 14.O-O-O Be8 15.a4 Bf7 16.b3 Ne7 17.Rh3 Rd8 18.Kb2 Bb4 19.Rd3
Rd4 20.Rxd4 exd4 21.Bf4+ Kc8 22.Rxd4 c5 23.Rd1 a6 24.Na2 Nd7
25.Bd6 Nc6 26.Nxb4 Nxb4 27.Nf4 Rh8 28.Ne6 Re8 29.Bc4 Nb6 30.Bd5
N4xd5 31.exd5 Nd7 32.a5 g6 33.Rd3 h5 34.gxh5 gxf5 35.h6 Bxe6
36.dxe6 Ne5 37.Rc3 Rxe6 38.h7 Nf7 39.Rxc5+ Kd7 40.Bf4 Re8 41.Rc7+
Ke6 42.Rxb7 Rh8 43.Rb6+ Ke7 44.Rxa6 Rxh7 45.Ra7+ Ke6 46.Bg3 f4
47.Bxf4 Rxh4 48.Bb8 Nd8 49.Rc7 Rb4 50.Ba7 Rb5 51.Bb6 Kd6 52.c4
Rh5 53.a6 Nc6 54.a7 Rh8 55.c5+ Kd5 56.Rd7+ Ke4 57.Rd6 Nxa7 58.Bxa7
f5 59.c6 Ke5 60.Bd4+ Kxd6 61.Bxh8 Kxc6 62.Be5 Kd5 63.Bh2 Ke4
64.b4 f4 65.Bg1 Kd5 66.Kc3 f3 67.b5 1-0

[Event "B"]
[Site ""]
[Date "2009.01.31"]
[Round "1.65"]
[White "Gavrilenko, Viktor"]
[Black "Chirva, Leonid"]
[Result "0-1"]
[WhiteElo "1969"]
[BlackElo "2245"]
[Annotator ""]
[Source ""]
[Remark ""]

1.d4 Nf6 2.Nf3 g6 3.c4 Bg7 4.Nc3 O-O 5.e4 d6 6.Bg5 h6 7.Bc1 e5
8.d5 Nbd7 9.Be2 Nc5 10.Nd2 a5 11.O-O Bd7 12.f3 Nh5 13.Nb3 Nxb3
14.Qxb3 b6 15.Be3 Nf4 16.Bxf4 exf4 17.Rac1 Bd4+ 18.Kh1 Be3 19.Rc2
Qh4 20.Nd1 Bc5 21.a3 Rfe8 22.Qd3 Re5 0-1

[Event "B"]
[Site ""]
[Date "2009.01.31"]
[Round "1.66"]
[White "Kuznetsov, Kirill"]
[Black "Kuzanov, Artem"]
[Result "1-0"]
[WhiteElo "2245"]
[BlackElo "1969"]
[Annotator ""]
[Source ""]
[Remark ""]

1.e4 e6 2.d3 c5 3.Nc3 Nc6 4.Nf3 Nge7 5.g3 d6 6.Bg2 g6 7.Bg5 Bg7
8.Qc1 O-O 9.Bh6 Rb8 10.Bxg7 Kxg7 11.h4 h5 12.O-O b5 13.Qe3 b4
14.Ne2 e5 15.Nd2 Nd4 16.Nxd4 cxd4 17.Qe2 f5 18.exf5 Nxf5 19.Ne4
Nh6 20.Ng5 Nf7 21.Ne4 Nh6 22.a3 b3 23.Rac1 bxc2 24.Rxc2 Rb6 25.Rfc1
Bd7 26.Rc7 Rf7 27.Ng5 Re7 28.Rxa7 Bg4 29.Rxe7+ Qxe7 30.Qc2 Ng8
31.b4 Bf5 32.Qc4 d5 33.Bxd5 Nf6 34.Bg2 Kf8 35.Ne4 Nxe4 36.Bxe4
Bxe4 37.dxe4 Rb8 38.Qa6 Rb7 39.Qxg6 1-0

[Event "B"]
[Site ""]
[Date "2009.01.31"]
[Round "1.67"]
[White "Martynenko, Alexey"]
[Black "Matveev, Mikhail"]
[Result "1-0"]
[WhiteElo "1968"]
[BlackElo "2245"]
[Annotator ""]
[Source ""]
[Remark ""]

1.e4 c5 2.c3 d6 3.d4 Nf6 4.Bd3 e6 5.Nf3 Be7 6.O-O O-O 7.h3 a6
8.Be3 c4 9.Bc2 b5 10.Qe2 Bb7 11.Nbd2 Nbd7 12.e5 Nd5 13.Ne4 dxe5
14.Nxe5 Nxe5 15.dxe5 Qc7 16.Bd4 Rfe8 17.f4 Rad8 18.Qg4 g6 19.Rad1
b4 20.h4 b3 21.axb3 cxb3 22.Bb1 h5 23.Qg3 Kh7 24.Ng5+ Bxg5 25.Qxg5
Kg8 26.g4 hxg4 27.h5 Ne7 28.Qxg4 Nf5 29.hxg6 fxg6 30.Bxf5 exf5
31.Qxg6+ Qg7 32.Qxg7+ Kxg7 33.Kf2 Kf7 34.Ra1 Rh8 35.Ke2 Rh3 36.Ke1
Rd7 37.Ra3 Bc6 38.Rxa6 Rc7 39.Rg1 Rh6 40.Rg5 Ke6 41.Rb6 Kd5 42.Rxf5
Ke4 43.Rg5 Kxf4 44.Rg1 Rb7 45.Rf1+ Ke4 46.Ra6 Kd3 47.Ra1 Rh2
48.Rd1+ Ke4 49.Rd2 Rbh7 50.Bf2 Bb5 51.Rd4+ Kxe5 52.Bg3+ Ke6 53.Re4+
Kd7 54.Bxh2 Bxf1 55.Kxf1 Rxh2 56.Re2 Rh1+ 57.Kf2 Kc6 58.Ke3 Kc5
59.Kd3 Rd1+ 60.Ke3 Kc4 61.Rd2 Re1+ 62.Kf2 Re4 63.Rd8 Rh4 64.Kg3
Rh1 65.Rd4+ Kc5 66.Rb4 Rf1 67.Rxb3 Rf8 68.Rb4 Kd5 69.Rf4 Rb8
70.Rf2 Kc4 71.Kf3 Kd3 72.Kg3 Rg8+ 73.Kh4 Rh8+ 74.Kg5 Rg8+ 75.Kh6
Rg4 76.Rf3+ Kc4 77.Kh5 Re4 78.Kg5 Re2 79.b4 Re8 80.Kf4 Rf8+ 81.Ke3
Re8+ 82.Kd2 Re4 83.Rf8 Rh4 84.Rc8+ Kb5 85.Kc2 Rh2+ 86.Kb3 Rh3
87.Rc5+ 1-0

[Event "B"]
[Site ""]
[Date "2009.01.31"]
[Round "1.68"]
[White "Gansvind, Valeriya I"]
[Black "Popov, Mikhail"]
[Result "1-0"]
[WhiteElo "2244"]
[BlackElo "1965"]
[Annotator ""]
[Source ""]
[Remark ""]

1.d4 f5 2.Bg5 d5 3.e3 Nf6 4.Bxf6 exf6 5.Bd3 Bd6 6.Qf3 g6 7.h4
h5 8.c4 c5 9.dxc5 Bxc5 10.cxd5 Qb6 11.Qe2 Kf7 12.Qc2 Na6 13.a3
Bd7 14.Nc3 Qa5 15.Rc1 b5 16.Nge2 b4 17.Bxa6 bxc3 18.b4 Bxb4 19.axb4
Qxa6 20.O-O Bb5 21.Ra1 Qd6 22.Rfd1 Bxe2 23.Qxe2 Rhc8 24.Qa6 Qxb4
25.Rdb1 Qf8 26.Rb7+ Kg8 27.Qe6+ Kh8 28.Qd7 Qg8 29.Qe7 Rf8 30.Rc7
Rfe8 31.Qxf6+ 1-0

[Event "B"]
[Site ""]
[Date "2009.01.31"]
[Round "1.69"]
[White "Ovchinnikov, Andrey"]
[Black "Rozhkov, Vecheslav"]
[Result "0-1"]
[WhiteElo "1964"]
[BlackElo "2243"]
[Annotator ""]
[Source ""]
[Remark ""]

1.c4 e5 2.Nc3 Nf6 3.Nf3 Nc6 4.g3 Bb4 5.Bg2 d6 6.O-O O-O 7.d3
h6 8.Bd2 Be6 9.a3 Bxc3 10.Bxc3 Qd7 11.Re1 Ne7 12.b4 Ng6 13.Rb1
Rfe8 14.Qc2 Bh3 15.Bh1 e4 16.Bxf6 exf3 17.Bd4 fxe2 18.Rxe2 Qg4
19.Rxe8+ Rxe8 20.Be3 Ne5 21.Qd1 Qg6 22.Be4 Bf5 23.f3 Nxd3 24.Bxf5
Qxf5 25.Bf2 Ne5 26.Rb3 Nxc4 27.Rc3 d5 28.g4 Qe5 29.Bd4 Qe6 30.Kg2
a6 31.Rd3 c6 32.h4 Qe2+ 33.Qxe2 Rxe2+ 34.Kg3 Ra2 35.h5 Rxa3 36.Rd1
f6 0-1

[Event "B"]
[Site ""]
[Date "2009.01.31"]
[Round "1.70"]
[White "Zernyshkin, Vladislav"]
[Black "Medvedev, Nikolai"]
[Result "1-0"]
[WhiteElo "2242"]
[BlackElo "1963"]
[Annotator ""]
[Source ""]
[Remark ""]

1.e4 c5 2.f4 d5 3.exd5 Nf6 4.Bb5+ Bd7 5.Bxd7+ Qxd7 6.c4 e6 7.dxe6
Qxe6+ 8.Qe2 Nc6 9.Nc3 Nd4 10.Qxe6+ fxe6 11.Kd1 O-O-O 12.Nh3 Bd6
13.d3 e5 14.fxe5 Bxe5 15.Bf4 Ng4 16.Kd2 Rhf8 17.Bxe5 Nxe5 18.Nd5
Rf7 19.Rae1 Nec6 20.Rhf1 Rxf1 21.Rxf1 Re8 22.Ne3 h6 23.Nf2 Rf8
24.Ne4 Rxf1 25.Nxf1 b6 26.Ne3 Kd7 27.a3 Ke6 28.Nd5 Nb3+ 29.Kc3
Ncd4 30.Nd2 Nc1 31.b4 Nce2+ 32.Kb2 Ke5 33.b5 Nf4 34.Nxf4 Kxf4
35.Nf1 h5 36.Kc3 h4 37.Kd2 h3 38.gxh3 Kf3 39.Ng3 Kg2 40.Nh5 g5
41.Nf6 Kxh2 42.Ne4 Ne6 43.Nf2 Nf4 44.Ke3 Nxh3 45.Ng4+ Kg3 46.Nf6
g4 47.d4 cxd4+ 48.Kxd4 Kf3 49.Nxg4 Kxg4 50.c5 bxc5+ 51.Kxc5 Nf4
52.Kc6 Kf5 53.Kb7 Ke6 54.a4 Kd7 55.a5 a6 56.Kxa6 Kc8 57.Ka7 Ne6
58.b6 Nd8 59.a6 Nc6+ 60.Ka8 Nb8 61.b7+ Kc7 62.a7 1-0

[Event "B"]
[Site ""]
[Date "2009.01.31"]
[Round "1.71"]
[White "Shilnikov, Igor S"]
[Black "Stets, Vasilij"]
[Result "0-1"]
[WhiteElo "1963"]
[BlackElo "2239"]
[Annotator ""]
[Source ""]
[Remark ""]

1.d4 Nf6 2.Nf3 g6 3.c4 c5 4.e3 Bg7 5.Nc3 O-O 6.Be2 cxd4 7.exd4
d5 8.b3 Ne4 9.Bb2 Qa5 10.Rc1 Bh6 11.Rc2 Bf5 12.Bd3 Nc6 13.a3
dxc4 14.bxc4 Rad8 15.Qe2 Ng5 16.d5 Nxf3+ 17.gxf3 Nd4 18.Qd1 Nxc2+
19.Bxc2 Bg7 20.Qd2 Bxc2 21.Qxc2 Rc8 22.Qb3 b5 23.O-O bxc4 24.Qc2
Rb8 25.Na4 Bxb2 26.Nxb2 Qxd5 27.Qc3 Rb3 28.Qc2 Qxf3 29.Re1 Rb5
30.Re3 Rg5+ 31.Kf1 Qg2+ 32.Ke2 Rf5 33.Nd1 Qxh2 34.Ke1 Rd8 0-1

[Event "B"]
[Site ""]
[Date "2009.01.31"]
[Round "1.72"]
[White "Melkonian, Vardan"]
[Black "Atababayev, Khalid"]
[Result "1-0"]
[WhiteElo "2238"]
[BlackElo "1961"]
[Annotator ""]
[Source ""]
[Remark ""]

1.d4 Nf6 2.Nf3 d5 3.Bf4 e6 4.e3 Bd6 5.Bg3 O-O 6.Nbd2 c5 7.c3
Nc6 8.Be2 Re8 9.O-O Bxg3 10.hxg3 cxd4 11.cxd4 Qb6 12.Qb3 Qxb3
13.Nxb3 Ne4 14.Rfc1 Bd7 15.Nc5 Nxc5 16.Rxc5 Rac8 17.Rac1 f6 18.Kf1
Kf8 19.Ke1 Ke7 20.Kd2 Kd6 21.a3 Ne7 22.R5c3 Rc6 23.Ne1 Rec8 24.Nd3
b6 25.f4 Rxc3 26.bxc3 Bb5 27.g4 Nc6 28.Bd1 Na5 29.Nb2 Bf1 30.g3
Bh3 31.Kd3 Bf1+ 32.Kd2 1-0

[Event "B"]
[Site ""]
[Date "2009.01.31"]
[Round "1.73"]
[White "Lushnikov, Evgeny"]
[Black "Gharagyozian, Artur"]
[Result "0-1"]
[WhiteElo "1961"]
[BlackElo "2233"]
[Annotator ""]
[Source ""]
[Remark ""]

1.e4 c5 2.Nf3 Nc6 3.Bb5 g6 4.Bxc6 bxc6 5.d3 Bg7 6.Nc3 d6 7.Be3
Rb8 8.e5 Rxb2 9.Ne4 f5 10.exf6 Nxf6 11.Nxf6+ Bxf6 12.O-O Bg4
13.h3 Bxf3 14.Qxf3 Rxc2 15.Qxc6+ Qd7 16.Qa8+ Kf7 17.Qf3 Qf5 18.Qd1
Rc3 19.Qa4 Rxd3 20.Rab1 Qd5 21.Qxa7 Ra8 22.Qd7 Qf5 23.Qc6 Qc8
24.Qxc8 Rxc8 25.Rfd1 Ra3 26.Rb7 Rxa2 27.g3 Rc6 28.Rd5 Ba1 29.Kg2
Ke6 30.Rd1 c4 31.Re1 Kf7 32.Bh6 Bf6 33.Rb8 c3 0-1

[Event "B"]
[Site ""]
[Date "2009.01.31"]
[Round "1.74"]
[White "Orlov, Evgeny"]
[Black "Voronkov, Denis"]
[Result "1/2-1/2"]
[WhiteElo "2233"]
[BlackElo "1960"]
[Annotator ""]
[Source ""]
[Remark ""]

1.e4 e6 2.d4 d5 3.exd5 exd5 4.Bd3 Bd6 5.Qf3 Nc6 6.c3 Nf6 7.Bg5
Bg4 8.Qe3+ Kd7 9.Ne2 h6 10.f3 Re8 11.Qf2 Be6 12.Bf4 Qe7 13.Bxd6
Qxd6 14.Nd2 Rad8 15.Nb3 Kc8 16.O-O-O Kb8 17.g4 Bc8 18.h4 g6 19.Nd2
Re7 20.Nf1 Rde8 21.Nfg3 Re3 22.Rd2 Na5 23.h5 Ng8 24.Nf1 R3e7
25.Bb5 c6 26.Bd3 Qf6 27.b3 Ka8 28.Qg3 b6 29.hxg6 fxg6 30.Nf4
g5 31.Ng6 Rg7 32.Ne5 Nb7 33.Ne3 Ne7 34.Rf2 Rf8 35.Qh2 Ng8 36.Rhf1
Qf4 37.Kd2 Nd8 38.Ke2 Kb7 39.Bf5 Ne6 40.Rd1 Qxh2 41.Rxh2 Rf6
42.Kf2 Kc7 43.c4 Kd6 44.cxd5 cxd5 45.Kg3 Rc7 46.Bxe6 Bxe6 47.Rc2
Rxc2 48.Nxc2 Ne7 49.Nb4 Rf4 50.Nc2 Rf8 51.Rh1 Rf6 52.Ne3 Nc6
53.Nxc6 Kxc6 54.Rc1+ Kd6 55.Ng2 Rg6 56.b4 Bd7 57.Rc3 Rg7 58.Ra3
Bc8 59.Ne1 Rc7 60.Nd3 a6 61.Ne5 Ke6 62.Re3 Kf6 63.f4 Rc1 64.fxg5+
hxg5 65.Rf3+ Ke7 66.Rf7+ Kd6 67.Rg7 Rd1 68.Nf7+ Kc6 69.Rg6+ Kc7
70.Rxg5 Rxd4 71.a3 Rd3+ 72.Kf4 Rxa3 73.Rxd5 Be6 74.Re5 Bxf7 75.Re7+
Kc6 76.Rxf7 Ra1 77.Rf6+ Kb5 78.g5 Rf1+ 79.Ke5 Re1+ 80.Kf5 Rf1+
81.Kg6 Rg1 82.Kh6 a5 83.bxa5 bxa5 84.g6 a4 85.g7 Rxg7 86.Kxg7
a3 1/2-1/2

[Event "B"]
[Site ""]
[Date "2009.01.31"]
[Round "1.75"]
[White "Safoev, Zarif"]
[Black "Loginov, Anton"]
[Result "0-1"]
[WhiteElo "1959"]
[BlackElo "2232"]
[Annotator ""]
[Source ""]
[Remark ""]

1.e4 e5 2.Nf3 Nc6 3.Bb5 Nf6 4.Nc3 Bc5 5.O-O d6 6.d4 exd4 7.Nxd4
Bd7 8.Nxc6 bxc6 9.Bc4 Ng4 10.Na4 Qh4 11.Bf4 Bxf2+ 12.Kh1 O-O
13.Qd2 g5 14.Be2 gxf4 15.Bxg4 Be3 16.Qe1 Qxe1 17.Raxe1 Bxg4 18.g3
Bd2 19.Rb1 Be2 20.Rf2 f3 21.Nc3 Bxc3 22.bxc3 Rab8 0-1

[Event "B"]
[Site ""]
[Date "2009.01.31"]
[Round "1.76"]
[White "Grishin, Alexander"]
[Black "Khatnikov, Alexander"]
[Result "1-0"]
[WhiteElo "2231"]
[BlackElo "1958"]
[Annotator ""]
[Source ""]
[Remark ""]

1.Nf3 Nf6 2.c4 g6 3.b3 Bg7 4.Bb2 d6 5.d4 O-O 6.g3 Nbd7 7.Nc3
a6 8.Bg2 Rb8 9.Qc2 b5 10.cxb5 axb5 11.Rc1 c5 12.O-O Qb6 13.dxc5
Nxc5 14.b4 Ne6 15.Qd3 Bb7 16.e3 Rfc8 17.Nd2 Bxg2 18.Kxg2 Qb7+
19.f3 Ng4 20.Rfe1 Ne5 21.Qd5 Qxd5 22.Nxd5 Rxc1 23.Rxc1 Nd3 24.Nxe7+
Kf8 25.Bxg7+ Kxe7 26.Rc3 Nxb4 27.Bh6 Nc5 28.a3 Nd5 29.Rc2 Ra8
30.e4 Nb6 31.Rc3 Nba4 32.Rc2 Nb6 33.e5 Rxa3 34.exd6+ Kxd6 35.Bf8+
Ke6 36.Bxc5 Ra6 37.Bxb6 Rxb6 38.Nb3 Kd6 39.Rc5 b4 40.Kf2 Ra6
41.Rc4 Ra2+ 42.Ke3 Rxh2 43.Rxb4 h5 44.Nd4 Ke5 45.Rb6 Rg2 46.f4+
Kd5 47.Ne2 Rh2 48.Rf6 h4 49.gxh4 Rh3+ 50.Kf2 Rxh4 51.Kg3 Rh5
52.Kg4 Rh2 53.Ng3 Rh7 54.Kf3 Rh3 55.Rxf7 Ke6 56.Ra7 Kf6 57.Kg4
Rh2 58.Ne4+ Ke6 59.Ng5+ Kd5 60.Rd7+ Kc6 61.Rg7 1-0